| 000 | 00486nam a22001817a 4500 | ||
|---|---|---|---|
| 003 | OSt | ||
| 005 | 20171025203446.0 | ||
| 008 | 171025b xxu||||| |||| 00| 0 eng d | ||
| 040 |
_aLDCLIB _cLDCLIB |
||
| 082 |
_222 _a342.06 _bFOU |
||
| 100 | _aFoulkes, David. | ||
| 245 |
_aIntroduction to Administrative Law / _cDavid Foulkes. |
||
| 260 |
_aLondon : _bButterworths, _c1964. |
||
| 300 |
_a165 p. ; _c24 cm. |
||
| 500 | _aIncludes index. | ||
| 650 | _aAdministrative law | ||
| 942 |
_2ddc _cBK |
||
| 999 |
_c8535 _d8535 |
||